| 000 | 01290nam a2200409 a 4500 | ||
|---|---|---|---|
| 003 | AR-BaBNM | ||
| 005 | 20251128203508.0 | ||
| 008 | 082120s2002 ||||||||||||||000 | spa|| | ||
| 020 | _a84-306-9794-2 | ||
| 040 | _cAR-BaBNM | ||
| 245 | 0 | 0 |
_aHistoria de la vida privada _bel proceso de cambio en la sociedad de los siglos XVI-XVIII. 5 |
| 250 | _a1ª ed. | ||
| 260 |
_aMadrid _bTaurus _c1992 |
||
| 300 |
_a419 p. _bil. |
||
| 500 | _aContiene referencias bibliográficas en p. 407 | ||
| 500 | _aIndice onomástico en p. 413 | ||
| 500 | _aIndice temático en p. 416 | ||
| 650 | 4 | _aSOCIOLOGIA CULTURAL | |
| 650 | 4 | _aLITERATURA | |
| 650 | 4 | _aHISTORIA LITERARIA | |
| 650 | 4 | _aPOLITICA | |
| 650 | 4 | _aANTROPOLOGIA CULTURAL Y SOCIAL | |
| 650 | 4 | _aVIDA SOCIAL | |
| 650 | 4 | _aVIDA COTIDIANA | |
| 650 | 4 | _aCOSTUMBRES Y TRADICIONES | |
| 700 | 1 |
_aAriès, Philippe _edirector |
|
| 700 | 1 |
_aDuby, Georges _edirector |
|
| 700 | 1 |
_aMartín Montero, María Concepción _etraductor |
|
| 700 | 1 |
_aCastan, Yves _ecolaborador |
|
| 700 | 1 |
_aChartier, Roger _ecolaborador |
|
| 700 | 1 |
_aFlandrin, Jean-Louis _ecolaborador |
|
| 700 | 1 |
_aGélis, Jacques _ecolaborador |
|
| 700 | 1 |
_aLebrun, François _ecolaborador |
|
| 700 | 1 |
_aRevel, Jacques _ecolaborador |
|
| 942 | _cBK | ||
| 998 | _cMARTIN | ||
| 999 |
_c3649 _d3649 |
||